000 00898nam a2200253Ia 4500
003 OSt
005 20221005104519.0
006 a|||||r|||| 00| 0
007 ta
008 221004b |||||||| |||| 00| 0 hin d
020 _a819025524X (hbk)
_c325
024 _a97108
037 _b426, 24/03/2009, Swaraj Prakashan
_cTextual
040 _aCRL
_cCRL
_bhin
041 _2hin
_ahin
082 _aO152,1N16:g, P9
100 _aरामप्रवेश सिंह
245 0 _aअभिजात्य की प्रगतिशीलता
246 _aAbhijātya kī pragatishīlatā
260 _aदिल्ली
_bयश पब्लिकेशन्स भारत
_c2009
300 _a209पृ0
_ccm.
942 _hO152,1N16:g, P9
_cTEXL
_2cc
999 _c1012936
_d1012936